[Event "Berlin op 10"]
[Site "Berlin"]
[Date "2005.11.03"]
[Round "4"]
[White "Braese, Andreas"]
[Black "Brinckmann, Dieter"]
[Result "1/2-1/2"]
[WhiteElo "1952"]
[BlackElo "1736"]
[PlyCount "60"]
[EventDate "2005.10.13"]
[EventType "swiss"]
[EventRounds "7"]
[EventCountry "GER"]
[SourceTitle "EXT 2007"]
[Source "ChessBase"]
[SourceDate "2006.11.23"]
[SourceVersion "1"]
[SourceVersionDate "2006.11.23"]
[SourceQuality "1"]

1. c4 Nf6 2. Nc3 g6 3. d4 d5 4. cxd5 Nxd5 5. e4 Nxc3 6. bxc3 Bg7 7. Be3 0-0 8. Nf3 c5 9. Qd2 Qa5 10. Rb1 cxd4 11. cxd4 Qxd2+ 12. Nxd2 Nc6 13. d5 Na5 14. Bb5 a6 15. Bd3 Re8 16. Bb6 Bc3 17. Rc1 Bb4 18. a3 Bxd2+ 19. Kxd2 Nb3+ 20. Kc3 Nxc1 21. Rxc1 Bd7 22. Kb4 Rec8 23. Bc7 a5+ 24. Kb3 b5 25. e5 b4 26. a4 Kf8 27. Bb5 Bf5 28. d6 exd6 29. exd6 Ra7 30. Rc5 Be6+ 1/2-1/2